Harry Potter places (difficult) - Statistics

General Stats
  • This quiz has been taken 46 times
  • The average score is 15 of 47
Answer Stats
Answer % Correct
Hogwarts Places Great Hall
85%
Hog's Head
73%
Room of Requirement
70%
Three Broomsticks
70%
Ollivander
67%
Zonko
64%
Quidditch Pitch
61%
The Astronomy Tower
61%
Forbidden Forest
55%
Gringotts
52%
Hogsmeade Places Shrieking Shack
52%
The Leaky Cauldron
52%
Hagrid's Hut
48%
Flourish and Blotts
45%
Honeydukes
45%
Headmaster's Office
39%
Lake
36%
Whomping Willow
36%
Greenhouses
33%
Owlery
33%
Kitchens
30%
Library
30%
Prefect's Bathroom
27%
Common rooms
24%
Eeylops Owl Emporium
24%
Knockturn Alley
24%
Weasleys' Wizard Wheezes
24%
Classrooms
21%
Dormitories
18%
Filch's Office
18%
Girls Bathrooms
15%
Madam Puddifoot's Tea Shop
15%
Nursery
15%
Teacher's Office
15%
Florean Fortescue's Ice Cream Parlour
12%
Gladrags Wizardwear
12%
Hogsmeade's Station
12%
Madam Malkin's Robes for All Occasions
12%
Scrivenshaft's Quill Shop
12%
Vegetable Garden
12%
Dervish and Banges
9%
Magical Menagerie
9%
Moving Staircases
9%
Quality Quidditch Supplies
9%
Mr Mulpepper's Apothecary
6%
Diagon Alley Places Slug & Jiggers Apothecary
6%
The Daily Prophet
6%
No matching quizzes found
Score Distribution
Percent of People with Each Score
Percentile by Number Answered
Your Score History
You have not taken this quiz